[Event "Wroclaw Anderssen Memorial op-C"]
[Site "Wroclaw"]
[Date "2023.??.??"]
[Round "8"]
[White "Soszka, Szymon"]
[Black "Mackiewicz, Lukasz"]
[Result "1-0"]
[WhiteElo "1425"]
[BlackElo "1538"]
[PlyCount "149"]
[EventDate "2023.08.06"]
[EventType "swiss"]
[EventRounds "9"]
[EventCountry "POL"]
[SourceTitle "EXT 2024"]
[Source "ChessBase"]
[SourceDate "2023.10.10"]
[SourceVersion "1"]
[SourceVersionDate "2023.10.10"]
[SourceQuality "1"]

1. d4 g6 2. c4 Bg7 3. Nc3 c5 4. d5 Bxc3+ 5. bxc3 f5 6. g4 d6 7. gxf5 Bxf5 8. Qa4+ Nd7 9. f3 e5 10. h4 e4 11. Bg5 Ngf6 12. Bh6 Qe7 13. Kd2 Kf7 14. Nh3 Rhe8 15. Bg2 e3+ 16. Kd1 Qe5 17. Rc1 Kg8 18. Bf4 Qe7 19. Ng1 b5 20. Qxb5 Rab8 21. Qa6 Rb6 22. Qxa7 Nh5 23. Bg5 Qe5 24. Bh3 Ng3 25. Bxf5 Qxf5 26. Rh3 Nh5 27. Qa4 Rb2 28. Rc2 Rb1+ 29. Rc1 Rb2 30. Rc2 Rb7 31. Rc1 Nf4 32. Rg3 Reb8 33. Rg4 Nxd5 34. cxd5 Qxd5+ 35. Rd4 cxd4 36. Qxd4 Qxa2 37. Bxe3 Rb1 38. Qxd6 Rxc1+ 39. Bxc1 Qb3+ 40. Kd2 Nf8 41. Ba3 Ra8 42. Bb4 Ra2+ 43. Ke1 Ra1+ 44. Kf2 Qf7 45. Nh3 Ne6 46. Qb8+ Kg7 47. Qe5+ Kh6 48. Qxe6 Qxe6 49. Bf8+ Kh5 50. Nf4+ Kxh4 51. Nxe6 Rc1 52. Be7+ Kh5 53. Bf6 g5 54. Nxg5 Kg6 55. Ne4 h5 56. e3 Rc2+ 57. Kg3 Kf5 58. Bd4 Rc1 59. Nf6 Kg6 60. Nd5 Rg1+ 61. Kf2 Rc1 62. Nf4+ Kg5 63. Kg3 Rc2 64. Ng2 Rc1 65. e4 Ra1 66. f4+ Kh6 67. f5 Kg5 68. Nh4 Rd1 69. Nf3+ Kh6 70. e5 Kg7 71. e6+ Kf8 72. f6 Ra1 73. f7 Ra5 74. Ne5 Rd5 75. Ng6# 1-0

[Event "Rubinstein Memorial op-D 57th"]
[Site "Polanica Zdroj"]
[Date "2021.08.14"]
[Round "1"]
[White "Tomalak, Stanislaw"]
[Black "Soszka, Szymon"]
[Result "1/2-1/2"]
[WhiteElo "1685"]
[BlackElo "1379"]
[PlyCount "125"]
[EventDate "2021.08.14"]
[EventType "swiss"]
[EventRounds "9"]
[EventCountry "POL"]
[SourceTitle "CBM 204 Extra"]
[Source "ChessBase"]
[SourceDate "2021.11.30"]
[SourceVersion "1"]
[SourceVersionDate "2021.11.30"]
[SourceQuality "1"]

1. Nf3 d5 2. g3 Nf6 3. d3 g6 4. Bg2 Bg7 5. Nbd2 Nbd7 6. 0-0 e5 7. e4 dxe4 8. dxe4 0-0 9. Re1 Qe7 10. Qe2 Nc5 11. h3 b6 12. Nh2 Bb7 13. Ng4 Nxg4 14. hxg4 Rad8 15. Nf1 Rd7 16. f3 Ba6 17. Qf2 Rfd8 18. Be3 Bf8 19. Nh2 Qe6 20. g5 Qc6 21. Ng4 Bg7 22. Bh3 Ne6 23. Bg2 Nd4 24. Rac1 Ne6 25. c3 Nc5 26. Bxc5 Qxc5 27. Qxc5 bxc5 28. Bf1 Bc8 29. Ne3 Kf8 30. Rcd1 Rxd1 31. Rxd1 Rxd1 32. Nxd1 h6 33. gxh6 Bxh6 34. Kf2 Bc1 35. b3 Ke7 36. Ne3 Be6 37. f4 Kd6 38. Nc4+ Bxc4 39. fxe5+ Kxe5 40. Bxc4 Kxe4 41. Bxf7 Kd3 42. Bxg6+ Kxc3 43. Bf7 Kb4 44. a4 Kc3 45. Kf3 Kd4 46. Kg4 Ke5 47. Kh5 Kf6 48. Bc4 Bg5 49. Kg4 Bd2 50. Bd3 Ke5 51. Kf3 Bg5 52. g4 Bf4 53. Ke2 Kd4 54. Kf3 Ke5 55. Ke2 Kd4 56. Bc4 Bg5 57. Kd1 Kc3 58. Be6 Bf4 59. Ke2 Kd4 60. Kf3 Ke5 61. Bc4 Bg5 62. a5 Kd4 63. a6 1/2-1/2

[Event "Polanica Zdroj op-D 56th"]
[Site "Polanica Zdroj"]
[Date "2020.08.20"]
[Round "6"]
[White "Wilgosz, Jan"]
[Black "Soszka, Szymon"]
[Result "1/2-1/2"]
[WhiteElo "1617"]
[BlackElo "1206"]
[PlyCount "58"]
[EventDate "2020.08.15"]
[EventType "swiss"]
[EventRounds "9"]
[EventCountry "POL"]
[SourceTitle "CBM 198 Extra"]
[Source "ChessBase"]
[SourceDate "2020.11.30"]
[SourceVersion "1"]
[SourceVersionDate "2020.11.30"]
[SourceQuality "1"]

1. e4 c6 2. d4 d5 3. exd5 cxd5 4. c4 Nf6 5. Nc3 g6 6. cxd5 Nxd5 7. Qb3 Nxc3 8. bxc3 Bg7 9. Nf3 0-0 10. Bf4 Nc6 11. Be2 b6 12. h4 h5 13. Ng5 Na5 14. Qd1 f6 15. Nf3 Bg4 16. Bd3 f5 17. Qe2 Qd5 18. 0-0 Rac8 19. Rac1 Kh8 20. Be5 Bxf3 21. Bxg7+ Kxg7 22. gxf3 Qd6 23. Rfe1 Rc7 24. Qe3 Qf6 25. Ba6 Rd8 26. f4 Rd6 27. Qe5 Rdc6 28. Re3 Kf7 29. Qxf6+ Kxf6 1/2-1/2